| 000 | 00593nam a2200217 i 4500 | ||
|---|---|---|---|
| 001 | 75474 | ||
| 003 | ES-MaACL | ||
| 005 | 20231114062534.0 | ||
| 007 | t| | ||
| 008 | 040924s1986 sp ||||1| spa d | ||
| 020 | _a84-322-0557-5 | ||
| 100 | 1 |
_aGoytisolo, Juan. _959422 |
|
| 245 | 1 | 0 |
_aEn los reinos de taifa / _cJuan Goytisolo. |
| 250 | _a1ยช ed. | ||
| 260 |
_aBarcelona : _bSeix Barral, _c1986. |
||
| 300 |
_a309 p. ; _c20 cm. |
||
| 490 | 1 | _aBiblioteca breve | |
| 830 | 0 |
_aBiblioteca breve (Seix Barral) _9227188 |
|
| 852 |
_aES-MaACL _jL-11156 _bR.112821 |
||
| 999 |
_c75474 _d75474 |
||